Distritos do Amapá em um Mapa - Statistics

Estatísticas Gerais
  • Esse quiz foi jogado 41 vezes
  • A pontuação média é 12 de 34
Respostas no mapa
Respostas codificadas por cores de uma escala verde-vermelha no mapa do quiz de acordo com a % correta abaixo.
 
Estatísticas das Respostas
Município Distrito % Correto
Macapá Macapá
97%
Oiapoque Oiapoque
71%
Amapá Amapá
68%
Laranjal do Jari Laranjal do Jari
62%
Santana Santana
62%
Calçoene Calçoene
53%
Serra do Navio Serra do Navio
53%
Tartarugalzinho Tartarugalzinho
53%
Vitória do Jari Vitória do Jari
53%
Cutias Cutias
50%
Ferreira Gomes Ferreira Gomes
47%
Itaubal Itaubal
47%
Mazagão Mazagão
47%
Pedra Branca do Amapari Pedra Branca do Amapari
44%
Porto Grande Porto Grande
44%
Pracuúba Pracuúba
44%
Macapá Fazendinha
35%
Mazagão Mazagão Velho
32%
Macapá Bailique
26%
Mazagão Carvão
24%
Santana Ilha de Santana
24%
Santana Igarapé do Lago
21%
Oiapoque Clevelândia do Norte
18%
Macapá São Joaquim do Pacuí
18%
Oiapoque Vila Velha
18%
Santana Anauerapucu
15%
Macapá Carapanantuba
15%
Calçoene Cunani
15%
Amapá Sucuriju
15%
Serra do Navio Cachaço
9%
Calçoene Lourenço
9%
Santana Piaçacá
6%
Santana Pirativa
6%
Oiapoque Vila Brasil
6%
Nenhum quiz correspondente encontrado
Distribuição das Pontuações
Porcentagem de Pessoas com Cada Pontuação
Percentil de Números Respondidos
Sua Pontuação Histórica
Você não jogou esse quiz